[Event "Mindsports"]
[Site "Beijing CHN"]
[Date "2008.10.16"]
[EventDate "2008.10.14"]
[Round "9"]
[Result "0-1"]
[White "Shadi Paridar"]
[Black "Natalia Pogonina"]
[WhiteElo "2248"]
[BlackElo "2474"]
[PlyCount "139"]

1. e4 c5 2. c3 g6 3. d4 cxd4 4. cxd4 d5 5. Nc3 dxe4 6. Bc4 Nd7
7. Qb3 e6 8. Nxe4 Ngf6 9. Nxf6+ Nxf6 10. Nf3 Bg7 11. O-O O-O
12. Bg5 b6 13. Qe3 Bb7 14. Rad1 Nd5 15. Qd2 Qd6 16. Rfe1 Rac8
17. Bb3 Rfe8 18. h4 h5 19. a3 Nf6 20. Bf4 Qd8 21. Ng5 Nd5
22. Bg3 Bf8 23. Bc2 Qd7 24. Ne4 Red8 25. Be5 Bg7 26. Bb3 Qe7
27. Bg3 Nc7 28. Qe3 Bd5 29. Bc2 Nb5 30. Ba4 Bxe4 31. Bxb5 Bb7
32. Bf4 Bf6 33. Bg5 Bxg5 34. hxg5 Rd5 35. Bf1 Rxg5 36. Rc1 Rd8
37. Rc3 Rgd5 38. Rec1 Rxd4 39. Rc7 R4d7 40. R7c3 Qf6 41. Qh6
Qg7 42. Qe3 Qf6 43. Qg3 Kg7 44. b4 Rd2 45. Rc7 R8d7 46. R7c4
R2d4 47. R4c3 h4 48. Qh3 Rf4 49. Qe3 Rfd4 50. Rc4 e5 51. R4c3
Rd2 52. Rc7 R2d4 53. a4 Qe7 54. Rxd7 Rxd7 55. a5 Qd6 56. a6
Bd5 57. Rc8 Qf6 58. Bb5 Re7 59. Bf1 Qf5 60. Qc3 Qg5 61. Rb8
Be6 62. Rb7 h3 63. Rxe7 Qxe7 64. Qxe5+ Kh7 65. Qb8 hxg2
66. Bxg2 Bc4 67. Qb7 Qe1+ 68. Kh2 Qxf2 69. b5 Bf1 70. Kh3 0-1

[Event "Mindsports"]
[Site "Beijing CHN"]
[Date "2008.10.17"]
[EventDate "2008.10.14"]
[Round "1.1"]
[Result "0-1"]
[White "Natalia Pogonina"]
[Black "Natalia Zdebskaja"]
[WhiteElo "2474"]
[BlackElo "2419"]
[PlyCount "84"]

1. e4 c5 2. Nf3 d6 3. d4 cxd4 4. Nxd4 Nf6 5. Nc3 a6 6. Be2 e5
7. Nb3 Be7 8. O-O O-O 9. Be3 Be6 10. Qd2 Nbd7 11. a4 Rc8
12. a5 Qc7 13. Rfc1 Qc6 14. Bf3 Bc4 15. Qe1 Rfd8 16. Nd2 Be6
17. Bg5 h6 18. Nd5 Bxd5 19. exd5 Qb5 20. c4 Qb4 21. Be3 Nc5
22. Be2 Nfd7 23. Qd1 f5 24. Qc2 Rf8 25. Ra3 e4 26. Nf1 Bf6
27. Rb1 Bg5 28. Qd1 Bxe3 29. Nxe3 Nd3 30. Bxd3 exd3 31. Rxd3
f4 32. Rb3 Qxa5 33. Nf1 Rxc4 34. Rxb7 Ne5 35. b4 Qd8 36. f3
Qg5 37. Kh1 Rfc8 38. Nd2 Nd3 39. Qe2 Rc1+ 40. Rxc1 Rxc1+
41. Nf1 Qxd5 42. Re7 Re1 0-1

[Event "Mindsports"]
[Site "Beijing CHN"]
[Date "2008.10.17"]
[EventDate "2008.10.14"]
[Round "2.1"]
[Result "1-0"]
[White "Natalia Pogonina"]
[Black "Le Thao Nguyen Pham"]
[WhiteElo "2474"]
[BlackElo "2304"]
[PlyCount "99"]

1. e4 Nf6 2. e5 Nd5 3. d4 d6 4. Nf3 Nc6 5. Be2 g6 6. O-O Bg7
7. exd6 cxd6 8. c4 Nb6 9. Nc3 O-O 10. h3 Bf5 11. Bg5 h6
12. Be3 Kh7 13. Rc1 d5 14. b3 Be6 15. c5 Nd7 16. b4 a6 17. a3
Nf6 18. Bd3 Bf5 19. Be2 Ne4 20. Na4 Qc7 21. Nb6 Rad8 22. Qb3
Nf6 23. a4 Be4 24. Nd2 e5 25. Nxe4 dxe4 26. d5 Nd4 27. Bxd4
exd4 28. d6 Rxd6 29. cxd6 Qxb6 30. Bc4 Qxd6 31. Bxf7 Qe7
32. Bc4 Nh5 33. Rfe1 Qh4 34. Qa2 d3 35. Bd5 Qf4 36. Rf1 e3
37. Rc4 exf2+ 38. Qxf2 Qg5 39. Bf3 d2 40. Rd1 Rd8 41. Rg4 Qe5
42. Be4 Nf6 43. Bxg6+ Kh8 44. Rg3 Qb2 45. Rd3 Rxd3 46. Bxd3
Ne4 47. Qf3 Qd4+ 48. Kf1 Ng5 49. Qf5 Be5 50. Qf8+ 1-0

[Event "Mindsports"]
[Site "Beijing CHN"]
[Date "2008.10.17"]
[EventDate "2008.10.14"]
[Round "2.2"]
[Result "1/2-1/2"]
[White "Le Thao Nguyen Pham"]
[Black "Natalia Pogonina"]
[WhiteElo "2304"]
[BlackElo "2474"]
[PlyCount "108"]

1. d4 Nf6 2. Nf3 c5 3. c3 b6 4. Bf4 g6 5. h3 Bg7 6. e3 O-O
7. Be2 Bb7 8. O-O d6 9. a4 a6 10. Na3 Nbd7 11. Re1 Qc7 12. Bh2
Rfd8 13. Bf1 e5 14. dxe5 Nxe5 15. Nxe5 dxe5 16. Qb3 Ne4
17. Nc4 Qe7 18. Red1 Qh4 19. Qc2 b5 20. axb5 axb5 21. Rxa8
Bxa8 22. Rxd8+ Qxd8 23. Nxe5 Nd2 24. Qd3 Qxd3 25. Bxd3 b4
26. f3 bxc3 27. bxc3 Bxe5 28. Bxe5 Bxf3 29. Kf2 Bd5 30. g4 c4
31. Be2 f6 32. Bd4 Ne4+ 33. Ke1 Kf7 34. h4 h6 35. Bf3 Nxc3
36. Kf2 Bxf3 37. Kxf3 Nb5 38. Bb2 Nd6 39. e4 Ke6 40. Ke3 Nb5
41. Bc1 h5 42. gxh5 gxh5 43. Bb2 c3 44. Bc1 f5 45. Kf4 fxe4
46. Kxe4 Nd6+ 47. Kd3 Kf5 48. Kxc3 Kg4 49. Kd3 Nf5 50. Ba3
Nxh4 51. Ke2 Kg3 52. Bc5 Kg2 53. Be7 Nf5 54. Bd8 h4 1/2-1/2

[Event "Women's Olympiad"]
[Site "Dresden GER"]
[Date "2008.11.22"]
[EventDate "2008.11.13"]
[Round "9"]
[Result "1/2-1/2"]
[White "Zivile Sarakauskiene"]
[Black "Natalia Pogonina"]
[WhiteElo "2188"]
[BlackElo "2469"]
[PlyCount "154"]

1. e4 e5 2. Nf3 d6 3. d4 exd4 4. Nxd4 Nf6 5. Nc3 Be7 6. Be2
O-O 7. O-O Re8 8. Re1 Bf8 9. Bf1 Nbd7 10. Bg5 c6 11. h3 h6
12. Bh4 Ne5 13. Bg3 Ng6 14. a3 a5 15. Qd2 a4 16. Rad1 Qb6
17. Rb1 Qc5 18. b4 axb3 19. Nxb3 Qg5 20. a4 Nh5 21. Qxg5 hxg5
22. Bh2 Nhf4 23. Kh1 Be7 24. a5 Bf6 25. Nd1 d5 26. f3 dxe4
27. fxe4 Be7 28. Bg1 g4 29. hxg4 Bxg4 30. Nf2 Bc8 31. Nd1 Bd6
32. Bb6 Re5 33. Kg1 Rg5 34. Bd8 Rh5 35. Ne3 Be6 36. Bb6 Bb4
37. Red1 Re5 38. Bd3 Rg5 39. Kf2 Nxd3+ 40. cxd3 Bd6 41. Nd4
Bg3+ 42. Kf1 Nh4 43. Ne2 Bd6 44. Kf2 Re8 45. d4 f6 46. g3 Ng6
47. Kf3 Bc8 48. Nf4 Bxf4 49. gxf4 Nh4+ 50. Kf2 Rh5 51. e5 fxe5
52. dxe5 Ng6 53. Rb4 Rh2+ 54. Kg3 Rh3+ 55. Kf2 Kf7 56. Rd8
Rxd8 57. Bxd8 Rh2+ 58. Kf3 Rd2 59. Bc7 Nh4+ 60. Ke4 Rd7
61. Bd6 g6 62. Rb1 Rd8 63. Rh1 Nf5 64. Nxf5 Bxf5+ 65. Kd4 Kg7
66. Kc5 Ra8 67. Bc7 Re8 68. Rd1 Rh8 69. Bd8 Rh2 70. Kd6 Kf7
71. Rd4 Rb2 72. Bb6 c5 73. Bxc5 Bg4 74. Re4 Rd2+ 75. Rd4 Rxd4+
76. Bxd4 Ke8 77. e6 Bf3 1/2-1/2

[Event "10th EICC w t/b Bronze"]
[Site "St Petersburg RUS"]
[Date "2009.03.20"]
[EventDate "2009.03.20"]
[Round "1.2"]
[Result "1-0"]
[White "Ekaterina Kovalevskaya"]
[Black "Natalia Pogonina"]
[WhiteElo "2442"]
[BlackElo "2467"]
[PlyCount "75"]

1. c4 c5 2. Nf3 Nc6 3. d4 cxd4 4. Nxd4 Nf6 5. Nc3 g6 6. e4 d6
7. Be2 Nxd4 8. Qxd4 Bg7 9. Be3 O-O 10. Qd2 Be6 11. O-O Qa5
12. Rac1 Rfc8 13. b3 a6 14. f4 b5 15. f5 Bd7 16. fxg6 hxg6
17. c5 Be6 18. cxd6 exd6 19. Bf3 Rab8 20. Bd4 Qd8 21. Rcd1 Qe7
22. Ne2 Ne8 23. Bxg7 Kxg7 24. Nf4 Rc5 25. Be2 Rbc8 26. Qd4+
Kg8 27. Rf3 Rc1 28. h3 Ng7 29. Rfd3 Rxd1+ 30. Bxd1 Rc6 31. Bf3
Ne8 32. e5 dxe5 33. Qxe5 Rc1+ 34. Kh2 Ng7 35. Nd5 Qf8 36. Nf6+
Kh8 37. Qf4 Rc5 38. Qh6+ 1-0

[Event "Russian Team Championship: Women's League"]
[Site "Dagomys RUS"]
[Date "2009.04.04"]
[EventDate "2009.04.02"]
[Round "3"]
[Result "1-0"]
[White "Natalia Pogonina"]
[Black "Viktoriya Tarasova"]
[WhiteElo "2501"]
[BlackElo "2292"]
[PlyCount "91"]

1. e4 c5 2. Nf3 e6 3. d4 cxd4 4. Nxd4 a6 5. Bd3 d5 6. exd5
Qxd5 7. Nf3 Nf6 8. O-O Be7 9. Bg5 Nc6 10. Nc3 Qa5 11. a3 O-O
12. Re1 b5 13. Ne4 Nd5 14. Bxe7 Ncxe7 15. Nd6 h6 16. Ne5 Qc7
17. Nxc8 Raxc8 18. Qg4 Nc6 19. Nxc6 Qxc6 20. a4 b4 21. Qe4 g6
22. a5 Qd6 23. b3 Rc5 24. h4 Rb8 25. Qd4 Rd8 26. g3 h5 27. Re5
Rc7 28. Rae1 Nf6 29. Qa1 Rc3 30. Qd1 Nd7 31. Rg5 Nc5 32. Bxg6
Qxd1 33. Bxh5+ Kh8 34. Rxd1 Rxd1+ 35. Bxd1 Nxb3 36. Rg4 Nxa5
37. Rxb4 Nc6 38. Rb7 a5 39. Rxf7 a4 40. Rf8+ Kg7 41. Ra8 a3
42. Ra4 Ne5 43. Kf1 Nc4 44. Ke1 Kf6 45. Be2 Nb2 46. Ra5 1-0

[Event "Russian Team Championship: Women's League"]
[Site "Dagomys RUS"]
[Date "2009.04.08"]
[EventDate "2009.04.02"]
[Round "6"]
[Result "0-1"]
[White "Elizaveta Bronnikova"]
[Black "Natalia Pogonina"]
[WhiteElo "2297"]
[BlackElo "2501"]
[PlyCount "80"]

1. e4 e5 2. Nf3 Nc6 3. Bb5 a6 4. Ba4 Nf6 5. O-O Be7 6. Re1 b5
7. Bb3 O-O 8. a4 Bb7 9. axb5 axb5 10. Rxa8 Bxa8 11. d3 d6
12. c3 h6 13. Nbd2 Qd7 14. Nf1 Re8 15. Ng3 Bf8 16. d4 Na5
17. Bc2 Nc4 18. b3 Nb6 19. h3 Qc6 20. Bb2 Nbd7 21. d5 Qb6
22. Qe2 c6 23. dxc6 Bxc6 24. Rd1 Qb7 25. Nd2 Nc5 26. f3 Ne6
27. Ndf1 d5 28. Bc1 d4 29. cxd4 Nxd4 30. Qf2 Rc8 31. Be3 Nxc2
32. Qxc2 Bxe4 33. Qb2 Rc2 34. Qa1 Bxf3 35. Rd2 Rxd2 36. Nxd2
Bxg2 37. Qxe5 Bxh3 38. Nde4 Nxe4 39. Nxe4 f5 40. Qe6+ Kh7 0-1

[Event "Russian Championship Superfinal (Women)"]
[Site "Moscow RUS"]
[Date "2009.12.24"]
[EventDate "2009.12.20"]
[Round "5"]
[Result "0-1"]
[White "Anastasia Bodnaruk"]
[Black "Natalia Pogonina"]
[WhiteElo "2372"]
[BlackElo "2501"]
[PlyCount "74"]

1. e4 e5 2. Nf3 Nc6 3. Nc3 Nf6 4. Bb5 Bd6 5. d3 a6 6. Ba4 b5
7. Bb3 O-O 8. h3 Bb7 9. Ne2 Na5 10. Ng3 Re8 11. O-O Bf8
12. Qe2 Nxb3 13. axb3 d5 14. Bg5 h6 15. Bd2 Qd6 16. Rfe1 Rad8
17. b4 c5 18. bxc5 Qxc5 19. Ba5 Rc8 20. c3 Qc6 21. Rad1 g6
22. Qe3 Kh7 23. d4 dxe4 24. Nxe5 Qe6 25. Qd2 Bd6 26. f4 exf3
27. Ng4 f2+ 28. Qxf2 Nxg4 29. hxg4 Qd5 30. Rf1 Bf4 31. Rde1
Kg8 32. Kh1 Bg5 33. Re5 Rxe5 34. dxe5 Rc4 35. Qf3 Rxg4 36. Ne2
Rh4+ 37. Kg1 Be3+ 0-1

[Event "7th CHN-RUS w Rapid"]
[Site "Ningbo CHN"]
[Date "2010.08.11"]
[EventDate "2010.08.11"]
[Round "1"]
[Result "0-1"]
[White "Wang Yu"]
[Black "Natalia Pogonina"]
[WhiteElo "2369"]
[BlackElo "2501"]
[PlyCount "74"]

1. e4 e5 2. Bc4 Nc6 3. Nc3 Bc5 4. d3 Nf6 5. Bg5 h6 6. Bh4 a6
7. Nge2 Be7 8. Bg3 d6 9. O-O b5 10. Bb3 Na5 11. f4 Nxb3
12. axb3 exf4 13. Nxf4 c6 14. Nh5 Nxh5 15. Qxh5 O-O 16. Ne2
Bf6 17. d4 Bb7 18. Rad1 Qe7 19. e5 dxe5 20. dxe5 Bg5 21. h4
Be3+ 22. Kh2 Rad8 23. Qf5 c5 24. Ng1 c4 25. bxc4 bxc4 26. Nf3
Ba7 27. Qf4 Qc7 28. h5 c3 29. b3 Qc6 30. Bh4 Rxd1 31. Rxd1 Bb8
32. Be7 Re8 33. Bd6 Ba7 34. Qg4 Qe4 35. Qxe4 Bxe4 36. Ne1 f6
37. exf6 Rd8 0-1

[Event "7th CHN-RUS w Rapid"]
[Site "Ningbo CHN"]
[Date "2010.08.11"]
[EventDate "2010.08.11"]
[Round "2"]
[Result "0-1"]
[White "Natalia Pogonina"]
[Black "Ju Wenjun"]
[WhiteElo "2501"]
[BlackElo "2496"]
[PlyCount "66"]

1. e4 c5 2. Nf3 e6 3. d4 cxd4 4. Nxd4 a6 5. Bd3 Qc7 6. O-O Nf6
7. Kh1 Nc6 8. Nxc6 bxc6 9. f4 d5 10. e5 Nd7 11. c4 g6 12. Nc3
Bb7 13. b3 Be7 14. Bb2 O-O 15. Rc1 c5 16. cxd5 exd5 17. Na4
Bc6 18. e6 Bxa4 19. exd7 Bxd7 20. f5 Qb6 21. Qe1 Bd6 22. Qh4
d4 23. Rf3 Be5 24. f6 Rfe8 25. Bc4 Qd6 26. Ba3 Be6 27. Bxe6
Rxe6 28. Bxc5 Qc6 29. Qh6 Bxf6 30. Rh3 Qxc5 31. Qxh7+ Kf8
32. Rf1 Ke7 33. Qh6 Rh8 0-1

[Event "7th CHN-RUS w Rapid"]
[Site "Ningbo CHN"]
[Date "2010.08.11"]
[EventDate "2010.08.11"]
[Round "3"]
[Result "0-1"]
[White "Natalia Pogonina"]
[Black "Tan Zhongyi"]
[WhiteElo "2501"]
[BlackElo "2461"]
[PlyCount "120"]

1. e4 d6 2. d4 Nf6 3. Nc3 g6 4. Be3 c6 5. Qd2 b5 6. Bd3 Nbd7
7. Nf3 Bg7 8. h3 O-O 9. O-O Qc7 10. Ne2 c5 11. c3 e5 12. Ng3
Bb7 13. Rfe1 a6 14. a4 c4 15. Bc2 d5 16. exd5 Nxd5 17. Bh6 Nf4
18. Bxf4 exf4 19. Ne4 Bd5 20. Ne5 Nxe5 21. dxe5 Qxe5 22. Nc5
Qg5 23. Ne4 Bxe4 24. Bxe4 Rad8 25. Qe2 Rfe8 26. Rad1 Rxd1
27. Rxd1 Qe5 28. f3 Bf8 29. axb5 axb5 30. Qd2 Bc5+ 31. Kh2 Be3
32. Qd7 Re7 33. Qd8+ Kg7 34. Ra1 Qg5 35. Kh1 Ra7 36. Qd1 Rxa1
37. Qxa1 Qc5 38. Qd1 Bf2 39. g4 fxg3 40. Kg2 Qe3 41. Qd6 Bg1
42. Qxg3 h5 43. h4 Qc5 44. Qe1 Be3 45. Qd1 Qe7 46. Qe1 Bc5
47. Qg3 Bd6 48. Qg5 Qd7 49. Qd5 Qe7 50. Qg5 Qe8 51. Qd5 Bb8
52. Kf1 Kh8 53. Qg5 Kg7 54. Qd5 Bf4 55. Qd4+ Be5 56. Qd5 Bf6
57. Qc6 Qe5 58. Qd5 Qh2 59. Ke1 Qxb2 60. Kd1 Bxc3 0-1

[Event "7th CHN-RUS w Rapid"]
[Site "Ningbo CHN"]
[Date "2010.08.11"]
[EventDate "2010.08.11"]
[Round "4"]
[Result "1/2-1/2"]
[White "Huang Qian"]
[Black "Natalia Pogonina"]
[WhiteElo "2447"]
[BlackElo "2501"]
[PlyCount "82"]

1. c4 e5 2. Nc3 Nc6 3. Nf3 g6 4. g3 Bg7 5. Bg2 Nge7 6. O-O O-O
7. d3 d6 8. Rb1 a5 9. a3 h6 10. b4 axb4 11. axb4 Be6 12. b5
Na5 13. Bb2 Qd7 14. Re1 f5 15. Nd2 f4 16. Nd5 Nxd5 17. cxd5
Bg4 18. Ne4 b6 19. Bc3 Nb7 20. d4 fxg3 21. hxg3 Qe7 22. Qd2
exd4 23. Bxd4 Bf5 24. Bxg7 Qxg7 25. Rbc1 Bxe4 26. Bxe4 Nc5
27. Bc2 Ra2 28. Qe3 Raa8 29. Qd2 Ra2 30. Qe3 Raa8 31. Qd2 Ra2
32. Qe3 Raa8 33. Rb1 g5 34. Rb4 Qf6 35. Rf1 Rae8 36. Qd2 Qe5
37. Re1 Rf6 38. Kg2 Ref8 39. Rf1 Re8 40. Re1 Ref8 41. Rf1 Re8
1/2-1/2

[Event "7th CHN-RUS w Rapid"]
[Site "Ningbo CHN"]
[Date "2010.08.11"]
[EventDate "2010.08.11"]
[Round "5"]
[Result "0-1"]
[White "Ding Yixin"]
[Black "Natalia Pogonina"]
[WhiteElo "2385"]
[BlackElo "2501"]
[PlyCount "146"]

1. e4 e5 2. Nf3 Nc6 3. Bb5 a6 4. Ba4 Nf6 5. O-O Be7 6. Qe2 b5
7. Bb3 d6 8. c3 O-O 9. h3 Bb7 10. a4 b4 11. d4 Na5 12. Bc2 b3
13. Bd3 Nd7 14. Nbd2 Re8 15. Qd1 Rb8 16. Qe2 Ra8 17. dxe5 Nc5
18. Nc4 Nxc4 19. Bxc4 Bxe4 20. Be3 c6 21. Rad1 d5 22. Bxc5
Bxc5 23. Bxb3 Qb6 24. Ba2 Bxf3 25. gxf3 a5 26. f4 Rab8 27. Rd2
Qc7 28. Bb1 f6 29. Re1 fxe5 30. fxe5 Rf8 31. Qd3 g6 32. Kg2
Rbe8 33. Qg3 Qf7 34. Rde2 Re6 35. Rf1 Qf4 36. Qxf4 Rxf4
37. Kg3 g5 38. Bc2 h5 39. b3 Kf7 40. Bd3 Re8 41. Ba6 Rb8
42. Rb2 h4+ 43. Kg2 Rxa4 44. Bd3 Ke6 45. Re1 Ra3 46. Bc2 a4
47. b4 Rxc3 48. Bxa4 Rxb4 49. Ra2 Bb6 50. Bc2 Rf4 51. Bh7 Rf8
52. Ree2 Bd4 53. Ra4 Rc4 54. Rxc4 dxc4 55. Be4 c5 56. Bb1 Bxe5
57. Ba2 Rf4 58. Rc2 Kd5 59. Rd2+ Kc6 60. Re2 Bf6 61. Bxc4 Rxc4
62. Re6+ Kd5 63. Rxf6 Rf4 64. Ra6 Rf5 65. Kf1 Kd4 66. Ke2 c4
67. Ra4 Kc3 68. Ra3+ Kb2 69. Ra8 c3 70. Kd3 Rf3+ 71. Ke4 Rxf2
72. Kd4 c2 73. Rb8+ Kc1 0-1

[Event "7th CHN-RUS w Rapid"]
[Site "Ningbo CHN"]
[Date "2010.08.12"]
[EventDate "2010.08.11"]
[Round "6"]
[Result "1/2-1/2"]
[White "Natalia Pogonina"]
[Black "Wang Yu"]
[WhiteElo "2501"]
[BlackElo "2369"]
[PlyCount "70"]

1. e4 e5 2. Nf3 Nc6 3. Bb5 a6 4. Ba4 Nf6 5. d3 b5 6. Bb3 Be7
7. O-O O-O 8. a4 b4 9. a5 d6 10. Nbd2 Be6 11. Re1 Qc8 12. h3
Rb8 13. Bc4 Re8 14. b3 Bf8 15. Bb2 g6 16. d4 exd4 17. Nxd4
Nxd4 18. Bxd4 Bxc4 19. Qf3 Nd7 20. Nxc4 Bg7 21. Bxg7 Kxg7
22. Qg3 Qb7 23. Qd3 Qa7 24. Ne3 Nf6 25. Nd5 Nxd5 26. exd5
Rxe1+ 27. Rxe1 Qc5 28. Qxa6 Qxd5 29. Qa7 Ra8 30. Qxc7 Rxa5
31. Qb8 Qd2 32. Re4 Rf5 33. Qb6 Rf4 34. Rxf4 Qc1+ 35. Kh2
Qxf4+ 1/2-1/2

[Event "7th CHN-RUS w Rapid"]
[Site "Ningbo CHN"]
[Date "2010.08.12"]
[EventDate "2010.08.11"]
[Round "7"]
[Result "0-1"]
[White "Ju Wenjun"]
[Black "Natalia Pogonina"]
[WhiteElo "2496"]
[BlackElo "2501"]
[PlyCount "132"]

1. d4 Nf6 2. Nf3 e6 3. c4 d5 4. g3 Bb4+ 5. Bd2 Be7 6. Bg2 c6
7. Qc2 b6 8. O-O Ba6 9. b3 Nbd7 10. a4 O-O 11. a5 c5 12. Ne5
Rc8 13. axb6 Qxb6 14. Qa2 Nb8 15. b4 cxd4 16. b5 Bb7 17. Qxa7
Bc5 18. Qxb6 Bxb6 19. Bb4 Rfe8 20. Nd2 Nbd7 21. Nxd7 Nxd7
22. Rfc1 Nc5 23. cxd5 exd5 24. Bxc5 Bxc5 25. Bh3 Rc7 26. Nb3
Bb6 27. Rxc7 Bxc7 28. Nxd4 Bb6 29. e3 Kf8 30. Bg2 Rc8 31. Nf5
Rd8 32. Bf3 g6 33. Nd4 Rc8 34. Nb3 Ke7 35. Rd1 Rc3 36. Nd4 f5
37. h4 Kd6 38. Kg2 Rc4 39. h5 Rb4 40. Be2 Rb2 41. Bd3 Bc8
42. hxg6 hxg6 43. Rh1 Rd2 44. Bf1 Bxd4 45. exd4 Rxd4 46. Rh6
Rb4 47. Rxg6+ Be6 48. Bd3 Ke7 49. Rg7+ Kd6 50. Rg6 Ke7 51. Kf3
Rb3 52. Ke2 Bd7 53. Rb6 d4 54. Kd2 Rb2+ 55. Bc2 f4 56. gxf4
Bf5 57. Rc6 d3 58. b6 dxc2 59. Rc5 Ke6 60. Rc6+ Kd5 61. Rf6
Bh7 62. Rf7 Rb1 63. Rd7+ Kc6 64. Rc7+ Kxb6 65. Rxc2 Bxc2
66. Kxc2 Rb4 0-1

[Event "7th CHN-RUS w Rapid"]
[Site "Ningbo CHN"]
[Date "2010.08.12"]
[EventDate "2010.08.11"]
[Round "8"]
[Result "1-0"]
[White "Tan Zhongyi"]
[Black "Natalia Pogonina"]
[WhiteElo "2461"]
[BlackElo "2501"]
[PlyCount "133"]

1. c4 e5 2. Nc3 Nc6 3. g3 d6 4. Bg2 f5 5. d3 Nf6 6. e4 Be7
7. Nge2 O-O 8. O-O Kh8 9. Nd5 Be6 10. h3 Qd7 11. Kh2 Nd8
12. Be3 c6 13. Nxe7 Qxe7 14. Rc1 fxe4 15. dxe4 c5 16. b3 Nc6
17. Nc3 Nd4 18. Nd5 Nxd5 19. cxd5 Bd7 20. Bxd4 cxd4 21. a4
Rfc8 22. Qd3 Qd8 23. f4 Rxc1 24. Rxc1 Rc8 25. Rxc8 Qxc8
26. fxe5 dxe5 27. Bf1 Kg8 28. h4 a5 29. Kg1 Qc1 30. Kf2 Kf7
31. Qf3+ Ke7 32. Bc4 Qd2+ 33. Kg1 Qh6 34. Kg2 Qf6 35. Qe2 Qg6
36. Bd3 b6 37. Qe1 Qd6 38. Qd2 h6 39. Bc4 Be8 40. Qe2 Bg6
41. h5 Be8 42. Qg4 Kf8 43. Qc8 Ke7 44. Qg4 g5 45. hxg6 Qxg6
46. Qf3 Qf6 47. Qg4 Qg6 48. Qf3 Bd7 49. Bb5 Bxb5 50. axb5 h5
51. Kh3 Qg5 52. Qe2 Qc1 53. Kg2 Qb1 54. Kh2 Qxb3 55. Qxh5 Qc2+
56. Kh3 Qxe4 57. Qg5+ Kd6 58. Qf6+ Kc5 59. Qc6+ Kb4 60. d6
Qh7+ 61. Kg2 Qh5 62. d7 Qe2+ 63. Kg1 Qe1+ 64. Kh2 Qe2+ 65. Qg2
Qh5+ 66. Kg1 Qd1+ 67. Qf1 1-0

[Event "7th CHN-RUS w Rapid"]
[Site "Ningbo CHN"]
[Date "2010.08.12"]
[EventDate "2010.08.11"]
[Round "9"]
[Result "0-1"]
[White "Natalia Pogonina"]
[Black "Huang Qian"]
[WhiteElo "2501"]
[BlackElo "2447"]
[PlyCount "64"]

1. e4 c5 2. Nf3 d6 3. d4 cxd4 4. Nxd4 Nf6 5. Nc3 a6 6. Be2 e5
7. Nb3 Be7 8. O-O O-O 9. Re1 Be6 10. Bf3 Nbd7 11. a4 h6
12. Nd2 Rc8 13. Nf1 Nh7 14. Ne3 Ng5 15. Bg4 Nf6 16. Bf3 Qd7
17. h4 Nxf3+ 18. Qxf3 Bd8 19. Nf1 Kh7 20. Qd3 Bc4 21. Qf3 Be6
22. Qd3 Bc4 23. Qd1 Be6 24. Ng3 Ng4 25. h5 Bb6 26. Rf1 f5
27. exf5 Bxf5 28. Nce4 d5 29. Nxf5 Qxf5 30. Qxd5 Qxh5 31. Re1
Bxf2+ 32. Nxf2 Qh2+ 0-1

[Event "7th CHN-RUS w Rapid"]
[Site "Ningbo CHN"]
[Date "2010.08.12"]
[EventDate "2010.08.11"]
[Round "10"]
[Result "1/2-1/2"]
[White "Natalia Pogonina"]
[Black "Ding Yixin"]
[WhiteElo "2501"]
[BlackElo "2385"]
[PlyCount "163"]

1. e4 c5 2. Nf3 d6 3. d4 cxd4 4. Nxd4 Nf6 5. Nc3 a6 6. Be2 e5
7. Nb3 Be7 8. O-O O-O 9. Re1 Be6 10. Bf3 Nbd7 11. a4 Rc8
12. Be3 Qc7 13. a5 Rfd8 14. Nd2 Nc5 15. Nf1 b5 16. axb6 Qxb6
17. Qc1 d5 18. exd5 Nxd5 19. Na4 Qc7 20. Bxc5 Bxc5 21. Nxc5
Qxc5 22. Rxe5 Qc7 23. Re2 Nb4 24. c3 Nd3 25. Qe3 Bc4 26. Rd1
Bb5 27. Red2 Re8 28. Qd4 Ne5 29. Bd5 h6 30. Ne3 Rcd8 31. b3
Qe7 32. Qf4 Rb8 33. h3 Ng6 34. Qg3 Ne5 35. Nf5 Qf6 36. Nd6 Re7
37. f4 Ng6 38. f5 Ne5 39. c4 Be8 40. c5 Kf8 41. Rf2 Nc6
42. Ne4 Qe5 43. f6 gxf6 44. Qh4 f5 45. Rxf5 Qg7 46. Nd6 Ne5
47. Rdf1 a5 48. Qh5 Rd8 49. Rf6 Kg8 50. Nf5 Qxf6 51. Nxh6+
Qxh6 52. Qxh6 Rxd5 53. Rf5 Rd1+ 54. Kh2 Ng6 55. h4 Bd7 56. Rg5
Ree1 57. h5 Rh1+ 58. Kg3 Be8 59. c6 Rc1 60. Rd5 Rxc6 61. Rd8
Re6 62. Qg5 Re5 63. Qxe5 Nxe5 64. Rxe8+ Kg7 65. Rxe5 Ra1
66. Kf4 a4 67. bxa4 Rxa4+ 68. Re4 Ra1 69. g4 Rf1+ 70. Ke5 Rf6
71. g5 Rf1 72. Rf4 Rh1 73. h6+ Kg6 74. Rg4 Ra1 75. Rg2 Ra4
76. Rh2 Ra8 77. Rg2 Ra4 78. Kd6 Ra8 79. Kc7 Rh8 80. Kd7 f6
81. gxf6+ Kxf6 82. Rh2 1/2-1/2

[Event "7th CHN-RUS w Rapid"]
[Site "Ningbo CHN"]
[Date "2010.08.13"]
[EventDate "2010.08.11"]
[Round "11"]
[Result "1/2-1/2"]
[White "Wang Yu"]
[Black "Natalia Pogonina"]
[WhiteElo "2369"]
[BlackElo "2501"]
[PlyCount "130"]

1. e4 e5 2. Nf3 Nc6 3. Bb5 a6 4. Bxc6 dxc6 5. O-O Qf6 6. d4
exd4 7. Qxd4 Qxd4 8. Nxd4 Nf6 9. Bf4 c5 10. Nf3 Be6 11. Bxc7
Rc8 12. Bf4 Nxe4 13. Re1 Nf6 14. Ng5 Rc6 15. Nxe6 fxe6 16. Nd2
Nd5 17. Be5 Nb4 18. Rec1 Kf7 19. Nf3 Be7 20. a3 Nd5 21. c4 Nb6
22. b3 Bf6 23. Rd1 Ke7 24. Ra2 Rd8 25. Rxd8 Kxd8 26. Rd2+ Ke7
27. g4 Nd7 28. Bg3 h6 29. h4 Rb6 30. Rd3 Bb2 31. a4 e5 32. Re3
Re6 33. h5 e4 34. Nh4 Nf6 35. Nf5+ Kf7 36. Re2 Be5 37. Bxe5
Rxe5 38. f3 Re6 39. Kf2 Rb6 40. Re3 Re6 41. Kg3 g6 42. hxg6+
Kxg6 43. Kf4 b5 44. axb5 axb5 45. fxe4 bxc4 46. bxc4 Nd7
47. e5 Nb6 48. Nd6 Nd7 49. Nf5 Nb6 50. Rh3 Nxc4 51. Rxh6+ Kf7
52. Rh7+ Kg8 53. Re7 Rxe7 54. Nxe7+ Kf7 55. Nc6 Nb6 56. Kf5 c4
57. e6+ Kg7 58. Ne5 c3 59. e7 Nc8 60. e8=N+ Kf8 61. Nf6 c2
62. Nd3 Nd6+ 63. Kg6 Nc4 64. Kh5 Ne5 65. Nc1 Nxg4 1/2-1/2

[Event "7th CHN-RUS w Rapid"]
[Site "Ningbo CHN"]
[Date "2010.08.13"]
[EventDate "2010.08.11"]
[Round "12"]
[Result "1-0"]
[White "Natalia Pogonina"]
[Black "Ju Wenjun"]
[WhiteElo "2501"]
[BlackElo "2496"]
[PlyCount "77"]

1. e4 c5 2. Nf3 d6 3. d4 cxd4 4. Nxd4 Nf6 5. Nc3 a6 6. Be2 e5
7. Nb3 Be7 8. O-O O-O 9. Re1 Be6 10. Bf3 h6 11. a4 Qc7 12. Be3
Nbd7 13. h3 Rac8 14. a5 Nc5 15. Nd2 Qc6 16. Nf1 b5 17. axb6
Qxb6 18. Qd2 Rfd8 19. Ng3 Bf8 20. Red1 Qb7 21. b3 Qc7 22. Nd5
Nxd5 23. exd5 Bd7 24. Bg4 Kh7 25. Bxd7 Nxd7 26. c4 Qb7
27. Qd3+ g6 28. h4 f5 29. h5 e4 30. hxg6+ Kxg6 31. Qe2 Nf6
32. Bd4 Ng4 33. f3 Qxb3 34. Nxf5 exf3 35. Qe6+ Kg5 36. Ne3 h5
37. Nxg4 Re8 38. Be3+ Kh4 39. Qf6+ 1-0

[Event "7th CHN-RUS w Rapid"]
[Site "Ningbo CHN"]
[Date "2010.08.13"]
[EventDate "2010.08.11"]
[Round "13"]
[Result "1/2-1/2"]
[White "Natalia Pogonina"]
[Black "Tan Zhongyi"]
[WhiteElo "2501"]
[BlackElo "2461"]
[PlyCount "68"]

1. e4 c5 2. Nf3 d6 3. d4 cxd4 4. Nxd4 Nf6 5. Nc3 a6 6. Be2 e6
7. O-O Be7 8. f4 O-O 9. Be3 Nc6 10. Kh1 Bd7 11. Qe1 b5 12. a3
Qb8 13. Rd1 b4 14. axb4 Qxb4 15. b3 Rfc8 16. Bf3 Rab8 17. Nde2
Qa5 18. Ra1 Qc7 19. Rxa6 e5 20. Ra1 Nb4 21. Rc1 Bc6 22. Qg3
Kh8 23. Rfd1 Re8 24. fxe5 dxe5 25. Bg5 Qb7 26. Qxe5 Nxe4
27. Nxe4 Bxg5 28. Qxg5 Bxe4 29. Bxe4 Qxe4 30. Ng3 Qe6 31. h3
h6 32. Qf5 Rec8 33. c4 Na2 34. Rc2 Rxb3 1/2-1/2